ბათუმის შოთა რუსთაველის სახელმწიფო უნივერსიტეტის ბიბლიოთეკა

წელიწდეული VIII : (ბიბ.ჩანაწერი № 59822)

000 -ლიდერი
ფიქსირებული სიგრძის საკონტროლო ველი 01372nam a22002177a 4500
003 - საკონტროლო ნომრის იდენტიფიკატორი
საკონტროლო ველი Ge_BSU
005 - ბოლო ოპერაციის თარიღი და დრო
საკონტროლო ველი 20230425110646.0
008 - ფიქსირებული სიგრძის მონაცემთა ელემენტები - ზოგადი ინფორმაცია
ფიქსირებული სიგრძის საკონტროლო ველი 230425b2016 ge ||||| |||| 00| 0 geo d
020 ## - წიგნის საერთაშორისო სტანდარტული ნომერი
International Standard Book Number ISSN 1987-9288
041 ## - ენის კოდი
Language code of text/sound track or separate title geo
080 ## - უნივერსალური ათობითი კლასიფიკაციის ინდექსი
Universal Decimal Classification number 81(058)+82+39+94(058) წ-35
245 ## - ცნობა სათაურის შესახებ
Title წელიწდეული VIII :
Remainder of title ეძღვნება სხვა სახელმწიფოში მცხოვრებ ქართველებს : Dedicated to Georgians living in other states /
Statement of responsibility, etc მთ. რედ. ტ. ფუტკარაძე ; მთარგმნ. ნ.უგულავა.
264 ## - წარმოების, გამოცემის, დისტრიბუციის და სხვა ცნობები
გამოცემის, წარმოების, დისტრიბუციის... ადგილი ქუთაისი :
გამოცემის, წარმოების, დისტრიბუციის... სახელწოდება ქუთაისის ილია ჭავჭავაძის სახელობის საჯარო ბიბლიოთეკა,
გამოცემის, წარმოების, დისტრიბუციის... თარიღი 2016.
300 ## - ფიზიკური აღწერა
Extent 239 გვ. ;
Dimensions 24 სმ.
500 ## - ზოგადი შენიშვნა
General note ეძღვნება სხვა სახელმწიფოში მცხოვრებ ქართველებს
653 ## - INDEX TERM--UNCONTROLLED
Uncontrolled term წელიწდეული
653 ## - INDEX TERM--UNCONTROLLED
Uncontrolled term საერთაშორისო კონფერენციაზე წაკითხული მოხსენებები
700 ## - ADDED ENTRY--PERSONAL NAME
Personal name ფუტკარაძე, ტ.
Relator term რედაქტორი
9 (RLIN) 7500
700 ## - ADDED ENTRY--PERSONAL NAME
Personal name უგულავა, ნ.
Relator term მთარგმნელი
9 (RLIN) 7501
942 ## - ADDED ENTRY ELEMENTS (KOHA)
Source of classification or shelving scheme
Koha item type წიგნი
ეგზემპლარები
ჩამოწერის სტატუსი დაკარგული ეგზემპლარის სტატუსი კლასიფიკაციის წყარო ან თაროზე გაწყობის სქემა დაზიანების სტატუსი არ გაიცემა მუდმივი მდებარეობა (დაცვის ადგილი) ამჟამინდელი ადგილსამყოფელი შეძენის თარიღი ღირებულება, შესყიდვის ნორმალური ფასი სრული შენახვის შიფრი შტრიხკოდი ბოლო ოპერაციის თარიღი ეგზემპლარის მიმდევრობითი ნომერი (კეტერი?) ფასის ძალაში შესვლის თარიღი ეგზემპლარის სახეობა საჯარო შენიშვნა
          ბათუმის შოთა რუსთაველის სახელმწიფო უნივერსიტეტის მთავარი ბიბლიოთეკა ბათუმის შოთა რუსთაველის სახელმწიფო უნივერსიტეტის მთავარი ბიბლიოთეკა 2023-04-25 5.00 81(058)+82+39+94(058) წ-35 58132 2023-04-25 58132 2023-04-25 წიგნი 5.00 ₾.